Major Lazer Charting Songs (Billboard Hot Dance) - Statistics

General Stats
  • This quiz has been taken 34 times
    9 since last reset
  • The average score is 20 of 36
Answer Stats
Album Weeks On Peak Artist(s) Song % Correct
Major Lazer Essentials 32 Weeks #1 Major Lazer ft. Justin Bieber & MO Cold Water
100%
Peace is the Mission 61 Weeks #1 Major Lazer & DJ Snake ft. MO Lean On
100%
Know No Better EP 26 Weeks #9 Major Lazer ft. Travi$ Scott, Camila Cabello & Quavo Know No Better
89%
Peace is the Mission 26 Weeks #5 Major Lazer ft. Ellie Goulding & Tarrus Riley Powerful
89%
Peace is the Mission (Extended) 36 Weeks #6 Major Lazer ft. Nyla & Fuse ODG Light It Up
78%
Major Lazer Essentials 20 Weeks #9 Major Lazer ft. Nicki Minaj & PARTYNEXTDOOR Run Up
78%
The Hunger Games: Mockingjay, Part 1 and Peace is the Mission 20 Weeks #15 Major Lazer ft. Ariana Grande & Michel Montano All My Love
67%
Non-Album Single 16 Weeks #19 Major Lazer & Showtek Believer
67%
Peace is the Mission (Extended) 12 Weeks #27 Major Lazer ft. MOTi, Ty Dolla $ign, Wizkid & Kranium Boom
67%
Free the Universe 29 Weeks #8 Major Lazer ft. Bruno Mars, Tyga & Mystic Bubble Butt
67%
Toast to Our Differences 9 Weeks #20 Rudimental & Major Lazer ft. Anne-Marie & Mr. Eazi Let Me Live
67%
Non-Album Single 20 Weeks #10 Cashmere Cat, Major Lazer & Tory Lanez Miss You
67%
Music is the Weapon 27 Weeks #6 Major Lazer & J Balvin ft. El Alfa Que Calor
67%
Know No Better EP 6 Weeks #26 Major Lazer ft. Anitta & Pabllo Vittar Sua Cara
67%
Free the Universe 20 Weeks #28 Major Lazer ft. Busy Signal, The Flexican & FS Green Watch Out For This (Bumaye)
67%
Music is the Weapon 23 Weeks #11 Major Lazer ft. Marcus Mumford Lay Your Head on Me
56%
Peace is the Mission 2 Weeks #40 Major Lazer ft. Travi$ Scott, 2 Chainz, Pusha T & Mad Cobra Night Riders
56%
Peace is the Mission 20 Weeks #29 Major Lazer ft. Wild Belle Be Together
44%
Major Lazer Essentials 11 Weeks #21 Major Lazer ft. Tove Lo Blow That Smoke
44%
Music is the Weapon 3 Weeks #20 Major Lazer ft. Skip Marley Can't Take It From Me
44%
Music is the Weapon (Reloaded) 5 Weeks #28 Major Lazer ft. Guaynaa Diplomatico
44%
Music is the Weapon 4 Weeks #14 Major Lazer ft. Alessia Cara Hell and High Water
44%
Music is the Weapon 11 Weeks #11 Mr. Eazi & Major Lazer ft. Nicki Minaj & K4mo Oh My Gawd
44%
Peace is the Mission 1 Week #50 Major Lazer Roll the Bass
44%
Mad Love the Prequel 5 Weeks #36 Sean Paul + Major Lazer Tip Pon It
44%
Music Is the Weapon (Reloaded) 7 Weeks #16 Major Lazer ft. Sia & Labrinth Titans
44%
Peace is the Mission 3 Weeks #21 Major Lazer ft. Elliphant & Jovi Rockwell Too Original
44%
Know No Better EP 2 Weeks #37 Major Lazer ft. J Balvin & Sean Paul Buscando Huellas
33%
Golden 6 Weeks #6 Jungkook & Major Lazer Closer To You
33%
Free the Universe 7 Weeks #30 Major Lazer & Flux Pavillion Jah No Partial
33%
Non-Album Single 2 Weeks #23 Major Lazer & Anitta Make It Hot
33%
Know No Better EP 3 Weeks #42 Major Lazer ft. Nasty C, Ice Prince, Patoranking & Jidenna Particula
33%
Music is the Weapon 7 Weeks #17 Major Lazer ft. Paloma Mami QueLoQue
33%
PERO NO TE ENAMORES 4 Weeks #20 Fuerza Regida, Major Lazer & Alok SOFIA
33%
Africa is the Future 1 Week #30 Major Lazer ft. Mr. Eazi, RAYE & Jake Gosling Tied Up
33%
Money Sucks, Friends Rule 1 Week #31 Dillon Francis ft. Major Lazer & Stylo G We Make It Bounce
22%
No matching quizzes found
Score Distribution
Percent of People with Each Score
Percentile by Number Answered
Your Score History
You have not taken this quiz since the last reset